| 000 | 01108nam a2200289Ia 4500 | ||
|---|---|---|---|
| 003 | CO-BoRNBP | ||
| 005 | 20230309135555.0 | ||
| 007 | ta | ||
| 008 | 170306s9999 xx 000 0 und d | ||
| 020 | _a9582005467 | ||
| 040 |
_aCO-BoRNBP _bspa _erda _cCO-BoRNBP |
||
| 041 | _aspa | ||
| 082 | _a303.66 R25a | ||
| 100 |
_aRendón Merino, {aelig}lvaro _9110 |
||
| 245 | 0 |
_aEl aprendizaje de la paz: _b m{82}todos y t{82}cnicas para su construcción desde procesos pedagógicos / _c Alvaro Rendón Merino |
|
| 250 | _a2a ed | ||
| 264 |
_aBogotá : _b Magisterio, _c 2008 |
||
| 300 | _a168 p. | ||
| 336 |
_atexto _btxt _2rdacontent |
||
| 337 |
_asin mediación _bn _2rdamedia |
||
| 338 |
_avolumen _bnc _2rdacarrier |
||
| 490 | _aAula abierta | ||
| 500 | _aIncluye glosario y bibliografía | ||
| 505 | _aQue es la paz? La no violencia activa Las causas de la violencia La construcción de la paz desde el sistema educativo El aprendizaje de la paz interior T{82}cnicas no convencionales para el aprendizaje de la paz | ||
| 650 |
_aEducacion Para La Paz \ Paz - Colombia _2ARMARC _9111 |
||
| 942 |
_2ddc _cBK |
||
| 999 |
_c9206 _d9206 |
||